Statistics for Presidents of Egypt

Click here to take the quiz!

General Stats

  • This quiz has been taken 67 times
  • The average score is 4 of 6

Answer Stats

YearsPresident% Correct
1981-2011Hosni Mubarak
87%
1970-1981Anwar Sadat
85%
1956-1970Gamal Abdel Nasser
85%
2014-Abdel Fattah el-Sisi
82%
2012-2013Mohamed Mursi
69%
1953-1954Mohamed Naguib
33%

Score Distribution

Percentile by Number Answered

Percent of People with Each Score

Your Score History

You have not taken this quiz